Lusitania y su primer coronel (Record no. 81835)
[ view plain ]
| 000 -LEADER | |
|---|---|
| campo de control de longitud fija | 00908nam a2200217 i 4500 |
| 001 - NÚMERO DE CONTROL | |
| campo de control | 81835 |
| 003 - IDENTIFICADOR DE NÚMERO DE CONTROL | |
| campo de control | ES-MaACL |
| 005 - FECHA Y HORA DE LA ÚLTIMA TRANSACCIÓN | |
| campo de control | 20250927140724.0 |
| 007 - CAMPO FIJO DE DESCRIPCIÓN FÍSICA--INFORMACIÓN GENERAL | |
| campo de control de longitud fija | t| |
| 008 - DATOS DE LONGITUD FIJA--INFORMACIÓN GENERAL | |
| campo de control de longitud fija | 041108s1902 sp f |||| |dspa d |
| 100 1# - ENTRADA PRINCIPAL--NOMBRE DE PERSONA | |
| Nombre de persona | Ibáñez Marín, José, |
| Fechas asociadas al nombre | 1862-1909 |
| 9 (RLIN) | 64933 |
| 245 10 - MENCIÓN DEL TÍTULO | |
| Título | Lusitania y su primer coronel |
| Resto del título | : (Marqués de La Mina) / |
| Mención de responsabilidad, etc. | [José Ibáñez Marín]. |
| 260 ## - PUBLICACIÓN, DISTRIBUCIÓN, ETC. | |
| Lugar de publicación, distribución, etc. | Madrid : |
| Nombre del editor, distribuidor, etc. | [s.n.], |
| Fecha de publicación, distribución, etc. | 1902 ( |
| Fabricante | El Trabajo) |
| 300 ## - DESCRIPCIÓN FÍSICA | |
| Extensión | XV, 121 p., [1] h. de lám., [1] h. pleg. de map. ; |
| Dimensiones | 24 cm. |
| 504 ## - NOTA DE BIBLIOGRAFÍA, ETC. | |
| Nota de bibliografía, etc. | Bibliografía: p. [XIII]-XV. |
| 594 ## - Nota al título y mención de responsabilidad | |
| Nota al título y mención de responsabilidad | El nombre del autor consta al fin y en la advertencia preliminar. |
| 600 17 - PUNTO DE ACCESO ADICIONAL DE MATERIA--NOMBRE DE PERSONA | |
| Nombre de persona | Guzmán Dávalos, Jaime Miguel de, |
| Títulos y otros términos asociados al nombre | Marqués de la Mina, |
| Fechas asociadas al nombre | 1689-1767 |
| Fuente del encabezamiento o término | |
| 9 (RLIN) | 129943 |
| 610 17 - PUNTO DE ACCESO ADICIONAL DE MATERIA--NOMBRE DE ENTIDAD CORPORATIVA | |
| Nombre de entidad corporativa o nombre de jurisdicción como elemento de entrada | España. |
| Unidad subordinada | Regimiento de Caballería Lusitania nº 8- |
| Subdivisión de forma | Historia |
| Fuente del encabezamiento o término | |
| 9 (RLIN) | 164694 |
| 852 1# - LOCALIZACIÓN | |
| Ubicación | BA |
| Número de control de estantería | T-1017-F-6 |
| Nota libre | .- Dedicatoria autógrafa del autor |
| Estatus retirado | Estado de pérdida | Estado de daño | No para préstamo | Colección | Biblioteca de origen | Biblioteca actual | Ubicación en estantería | Fecha de adquisición | Fuente de adquisición | Total de préstamos | Signatura topográfica completa | Código de barras | Visto por última vez | Precio de reemplazo | Tipo de ítem Koha |
|---|---|---|---|---|---|---|---|---|---|---|---|---|---|---|---|
| Colección de folletos | Biblioteca del Ateneo de Madrid | Biblioteca del Ateneo de Madrid | Depósito folletos | 17/01/2008 | T-1017-F-6 | 1085535 | 23/02/2023 | 23/02/2023 | Folleto |
